000 00973cab a22002055a 4500
001 L148690
008 091020e20091016xxkdo f 000 0 eng d
035 _a(Sirsi) u148690
041 0 _aeng
100 1 _aMulcahey, Hugh
245 0 0 _aSustainability
_bthe future of offices
260 _c2009
490 0 _aBuilding
_v274 (8601) 16 October 2009, 54-55(2)
520 _aAnalyses the changes needed in the way offices are used. Examines the issues involved when comparing low density occupation and high density occupation of green offices out of town and less environmental-friendly offices in an urban location. Concludes that proximity to transport links, especially fast rail ones, becomes a priority for the level of sustainability to be maintained.
590 _aKA
651 4 _aUnited Kingdom
_y
690 _aENVIRONMENTAL AND LAND CONSULTANCY-ENERGY-ENERGY USE-ENERGY EFFICIENCY
690 _aENVIRONMENTAL AND LAND CONSULTANCY-SUSTAINABILITY
942 _n0
999 _c81935
_d81935